Giovanni Bellini

Gespeichert in:
Bibliographische Detailangaben
Hauptverfasser: Hendy, Philip (VerfasserIn), Goldscheider, Ludwig (VerfasserIn)
Format: Buch
Sprache:Englisch
Veröffentlicht: Oxford Phaidon Press Ltd. 1945
Schlagworte:
Tags: Tag hinzufügen
Keine Tags, Fügen Sie den ersten Tag hinzu!

MARC

LEADER 00000cam a2200000 a 4500
001 UCF9743
003 CL-VaPUC
008 131213e19450000uk |||||||||||||||||eng|d
082 0 4 |a 759.945  |b HEN  |2 21 
100 |a Hendy, Philip  |e author  |9 572135 
700 |a Goldscheider, Ludwig  |e author  |9 572136 
245 1 0 |a Giovanni Bellini 
300 |a pág. irreg 
942 |c BK 
945 |d 20131213 11:12:00  |a dcastane 
260 |a Oxford  |b Phaidon Press Ltd.  |c 1945 
600 0 7 |a BELLINI, GIOVANNI  |2 CL-VaPUC  |9 333719 
650 0 |a Pintura italiana  |9 265293 
650 0 |a Pintura renacentista  |9 266314 
650 0 |a Pintores italianos  |9 265277 
650 0 |a Biografías  |9 255210 
583 |a last modification  |c 20131213 11:12:00  |k Rodrigo Vera 
999 |c 354154  |d 354152 
952 |0 0  |1 0  |3 erd  |4 0  |6 759_945000000000000_HEN_1945  |7 0  |8 R  |9 459814  |a BIBART  |b BIBART  |i 5003350  |l 4  |o 759.945 HEN 1945  |p 5003350  |r 2025-03-13  |s 2024-07-05  |w 2019-11-23  |y BK_R  |z Catalogado en:20131213  |k ART